000 00443nam a2200193Ia 4500
003 OSt
005 20221005121530.0
006 a|||||r|||| 00| 0
007 ta
008 221004b |||||||| |||| 00| 0 eng d
024 _a112967
037 _cTextual
040 _aCRL
_cCRL
_beng
041 _2eng
_aeng
100 _aBedi Aziz
_9630729
245 0 _aHira Shil Pirtii
942 _cTEXL
_2cc
999 _c1041433
_d1041433